000 00683cab a2200205 4500
001 ABS42370
008 090401t1990 xxu||||| |||| 00| 0 eng d
035 _a(Sirsi) u36402
041 _aeng
100 _aRobson, P.
245 _aAssured and short assured tenancies
260 _c1990
350 _a0
490 _aSLT
_v1990 93-94(2)
520 _aOutlines some of the problems which have arisen since the Housing (Scotland) Act 1988 was introduced in relation to assured tenancies and short assured tenancies .
650 _aSCOTLAND
690 _aPROPERTY-RESIDENTIAL PROPERTY-RESIDENTIAL LANDLORD AND TENANT-RESIDENTIAL TENANCIES
942 _n0
948 _c04/03/1997
999 _c23655
_d23655